000 01055nam a22003377a 4500
003 CHAP
005 20220817042320.0
008 971013s1993 r 00010 d
010 _a40596
011 _a41568
035 _a45694
040 _cCHAP
082 _a338.972
_bP5 1993
100 0 0 _aPhilip, George D.E.
_ecomp.
_987788
245 _aMéxico
250 _aEd. rev.
260 _aOxford :
_bCLIO Press,
_c1993
300 _a194 p.
490 _aWorld bibliographical series
_v; 48
590 _aBATCH-UPD
_b10
_c20130110
_lUCH01
_h1132
590 _aBATCH-UPD
_b10
_c20130410
_lUCH01
_h0720
590 _aBATCH-UPD
_b10
_c20130914
_lUCH01
_h1823
590 _aCONVERSION
_b10
_c20130109
_lUCH01
_h1322
650 1 4 _aMéxico
_xCondiciones económicas.
650 1 4 _aMéxico
_xCondiciones sociales.
_976730
650 1 4 _aMéxico
_xDescripción y viaje.
_976737
830 0 _aWorld bibliographical series
_v; 48
_9122698
901 _aBK
942 _cLIBRO
949 _a338.972 P5 1993
_bBC
_cC
_d33724000553061
_eC
_gI.175642
_h88621
_i45694
_si
_t174.00
999 _c40596
_d40596